| 000 | 00663cam a2200181 4500500 | ||
|---|---|---|---|
| 005 | 20251012015955.0 | ||
| 041 | _afre | ||
| 042 | _adc | ||
| 100 | 1 | 0 |
_aPeaucelle, Anne-Sophie _eauthor |
| 700 | 1 | 0 |
_a Barrau, Mathilde _eauthor |
| 700 | 1 | 0 |
_a Bastide, Laetitia _eauthor |
| 700 | 1 | 0 |
_a Roblin, Xavier _eauthor |
| 245 | 0 | 0 | _aActualités sur les MICI : accompagner les patients de 7 à 77 ans |
| 260 | _c2025. | ||
| 500 | _a95 | ||
| 786 | 0 | _nHépato-Gastro & Oncologie Digestive | 32 | N° Supp 3 | 2025-09-03 | p. 21-28 | 2115-3310 | |
| 856 | 4 | 1 | _uhttps://shs.cairn.info/revue-hepato-gastro-oncologie-digestive-2025-9-page-21?lang=fr&redirect-ssocas=7080 |
| 999 |
_c1533907 _d1533907 |
||